- Antropología política
Entry Materia
001 - NÚMERO DE CONTROL DEL REGISTRO
- campo de control: 4791
003 - IDENTIFICADOR DE NUMERO DE CONTROL
- campo de control: MX-MxUPN
005 - FECHA Y HORA DE LA ÚLTIMA TRANSACCIÓN
- campo de control: 20241119141942.0
008 - DATOS DE LONGITUD FIJA
- campo de control de longitud fija: 241119n||acannbabn n ana |d
035 ## - NÚMERO DE CONTROL DEL SISTEMA
- Número de control del sistema: UPN10000004791
035 ## - NÚMERO DE CONTROL DEL SISTEMA
- Número de control del sistema: (DLC)sh 85104345
035 ## - NÚMERO DE CONTROL DEL SISTEMA
- Número de control del sistema: (DLC)7917719
035 ## - NÚMERO DE CONTROL DEL SISTEMA
- Número de control del sistema: (DLC)sp 85104345
035 ## - NÚMERO DE CONTROL DEL SISTEMA
- Número de control del sistema: (DLC)429277
040 ## - FUENTE DE LA CATALOGACIÓN
- Lengua de catalogación: spa
- Agencia de transcripción: DLC
- Centro catalogador de origen: DLC
- Agencia de modificación: DLC
- Agencia de modificación: CSt
- Agencia de modificación: MX-MxUPN
053 #4 - NÚMERO CLASIFICADOR - BIBLIOTECA DEL CONGRESO (LC)
- Elemento numérico de la clasificación - Número único o no. inicial del rango: GN492
- Elemento numérico de la clasificación - Número único o no. final del rango: GN494.5
150 ## - ENCABEZAMIENTO - TEMÁTICO
- Término de materia o nombre geográfico como elemento inicial: Antropología política
360 ## - REFERENCIA COMPLEJA DE VÉASE ADEMÁS - MATERIA
- Texto explicativo: la subdivision |a Política y gobierno
- Texto explicativo: bajo nombres de países ciudades, etc., y bajo grupos étnicos
670 ## - FUENTE EN LA QUE SE LOCALIZARON DATOS
- Cita de la fuente: Autoridades LC, 19 noviembre 2024 :
- Información localizada: (Political anthropology)
- Enlace: https://lccn.loc.gov/sh85104345
680 ## - NOTA GENERAL CON DESPLIEGUE PÚBLICO
- Texto explicativo: Aquí se asientas las obras sobre la antropología política como una rama del saber. Este encabezamiento puede ser dividido geográficamente para obras sobre esta rama del conocimiento en un lugar específico. Las obras sobre la vida política de determinados grupos étnicos se asientan bajo el nombre del grupo subdividido por la
- Encabezamiento: Política y gobierno
- Texto explicativo: Obras sobre los aspectos antropológicos de la ciencia política se asientan bajo
- Encabezamiento: Ciencia política--Aspectos antropológicos
902 ## - CATALOGADOR
- Catalogador: CAA/1710604
- Catalogador: MaríaRobles/171124
